挑戰人生 Tiao zhan ren sheng (Record no. 35471)
[ view plain ]
| 000 -LEADER | |
|---|---|
| fixed length control field | 00790nam a2200205 4500 |
| 008 - FIXED-LENGTH DATA ELEMENTS--GENERAL INFORMATION | |
| fixed length control field | 110309s2000 -hk 000 0 chi |
| 020 ## - INTERNATIONAL STANDARD BOOK NUMBER | |
| International Standard Book Number | 9628559826 |
| 020 ## - INTERNATIONAL STANDARD BOOK NUMBER | |
| International Standard Book Number | 9789628559824 |
| 090 ## - LOCALLY ASSIGNED LC-TYPE CALL NUMBER (OCLC); LOCAL CALL NUMBER (OCLC) | |
| Classification number (OCLC) (R) ; Classification number, CALL (RLIN) (NR) | BV4509.C5 |
| Local cutter number (OCLC) ; Book number/undivided call number, CALL (RLIN) | K81 |
| -- | 2000 |
| -- | c.2 |
| 100 1# - MAIN ENTRY--PERSONAL NAME | |
| Personal name | 葛文偉著 Kock Man Wai David, |
| Dates associated with a name | 1960- |
| 245 10 - TITLE STATEMENT | |
| Title | 挑戰人生 Tiao zhan ren sheng |
| 246 10 - VARYING FORM OF TITLE | |
| Title proper/short title | Challenges in life {ch} / |
| -- | 葛文偉著 Kock Man Wai, Wenwei Ge |
| 260 ## - PUBLICATION, DISTRIBUTION, ETC. (IMPRINT) | |
| Place of publication, distribution, etc | 春秋堂文化事業基金會, Xianggang : |
| Name of publisher, distributor, etc | Chun qiu tang wen hua shi ye ji jin hui, |
| Date of publication, distribution, etc | 2000. |
| 300 ## - PHYSICAL DESCRIPTION | |
| Extent | x, 125 p. ; |
| Dimensions | 21 cm. |
| 650 #4 - SUBJECT ADDED ENTRY--TOPICAL TERM | |
| Topical term or geographic name as entry element | Christian life {ch} |
| 650 #4 - SUBJECT ADDED ENTRY--TOPICAL TERM | |
| Topical term or geographic name as entry element | Life |
| General subdivision | Biblical teaching {ch} |
| 650 #4 - SUBJECT ADDED ENTRY--TOPICAL TERM | |
| Topical term or geographic name as entry element | Suffering |
| General subdivision | Biblical teaching {ch} |
| 951 ## - EQUIVALENCE OR CROSS-REFERENCE-GEOGRAPHIC NAME/AREA NAME [OBSOLETE] [CAN/MARC only] | |
| General subdivision | 00040392 |
| 700 1# - ADDED ENTRY--PERSONAL NAME | |
| Personal name | Ge, Wenwei |
| 951 ## - EQUIVALENCE OR CROSS-REFERENCE-GEOGRAPHIC NAME/AREA NAME [OBSOLETE] [CAN/MARC only] | |
| -- | C-10379 |
| -- | CHBV4509.C5/K81/2000/c.2 |
| -- | 110309141819572 |
| -- | 2000-12-21 |
| -- | CH |
| Withdrawn status | Lost status | Damaged status | Not for loan | Home library | Current library | Shelving location | Date acquired | Accession number | Shelving control number | Total Checkouts | Full call number | Barcode | Date last seen | Price effective from | Koha item type |
|---|---|---|---|---|---|---|---|---|---|---|---|---|---|---|---|
| BSOP Library | BSOP Library | Chinese Books (General Circulation) | 12/21/2000 | C-10379 | 127 | CHBV4509.C5/K81/2000/c.2 | 00040392 | 02/23/2013 | 02/23/2013 | Books |
